000 00375 a2200169 4500
001 50172
020 _a8516031225
040 _cAnchieta - Bela Vista
100 _aMachado, Ana Maria
240 1 0 _aDe carta em carta
_lpor
245 1 0 _aDe carta em carta
300 _a31
362 0 _a2002
440 1 _aSalamandra
650 4 _aLiteratura infanto-juvenil
942 _cBK
999 _c50172
_d50172